000 00565nam a22001937a 4500
005 20240229111129.0
010 _aENG-132933
020 _c300.00
_a9789352580811
035 _aEN-116465
037 _bDBAD/PUB
082 _a530
100 _aRoy Sabyasachi
_962573
245 _aParticle/
_bPhysics For Beginners
_hEnglish
260 _aKarimganj
_bTirthabhumi p\ublication
_c2016
270 _bAssam
_aBrojendra road , Assam
_e788710
300 _a199p.
_c21cm(pbk)
710 _aRoma Chatterjee
_eEditor
_959600
942 _2ddc
_cEN
_h530
_mRoy
999 _c201115
_d201115